[Event "Titled Tuesday intern op 05th Sep Late"]
[Site "Chess.com INT"]
[Date "2023.09.05"]
[Round "5"]
[White "Chigaev, Maksim"]
[Black "Denishev, Marat"]
[Result "1-0"]
[WhiteElo "2615"]
[BlackElo "2172"]
[PlyCount "41"]
[EventDate "2023.09.05"]
[EventType "swiss (blitz)"]
[EventRounds "11"]
[EventCountry "USA"]
[SourceTitle "EXT 2024"]
[Source "ChessBase"]
[SourceDate "2023.10.10"]
[SourceVersion "1"]
[SourceVersionDate "2023.10.10"]
[SourceQuality "1"]

1. d4 Nf6 2. c4 e6 3. g3 d5 4. Bg2 Be7 5. Nf3 0-0 6. 0-0 c6 7. b3 a5 8. Nc3 b6 9. Qd3 Ba6 10. Rd1 Nbd7 11. Bb2 Rc8 12. a4 Bb4 13. Nd2 e5 14. dxe5 Nxe5 15. Qf5 d4 16. Nce4 Ng6 17. Nxf6+ gxf6 18. Ne4 c5 19. Nxf6+ Kh8 20. e3 Qe7 21. exd4 1-0

[Event "Titled Tuesday intern op 05th Sep Late"]
[Site "Chess.com INT"]
[Date "2023.09.05"]
[Round "10"]
[White "Denishev, Marat"]
[Black "Buchenau, Frank"]
[Result "1-0"]
[WhiteElo "2172"]
[BlackElo "2135"]
[PlyCount "61"]
[EventDate "2023.09.05"]
[EventType "swiss (blitz)"]
[EventRounds "11"]
[EventCountry "USA"]
[SourceTitle "EXT 2024"]
[Source "ChessBase"]
[SourceDate "2023.10.10"]
[SourceVersion "1"]
[SourceVersionDate "2023.10.10"]
[SourceQuality "1"]

1. c4 e5 2. g3 Nf6 3. Bg2 c6 4. Nf3 e4 5. Ng5 d5 6. cxd5 cxd5 7. d3 h6 8. Nh3 Bb4+ 9. Bd2 Bxd2+ 10. Nxd2 e3 11. fxe3 Ng4 12. Nf1 0-0 13. Nf2 Re8 14. Nxg4 Bxg4 15. Qa4 Bf5 16. Qd4 Be6 17. Nd2 Nc6 18. Qf4 Qa5 19. a3 Rac8 20. b4 Qa4 21. 0-0 Qc2 22. Rfd1 Ne7 23. Qf2 Qb2 24. Nf3 Nf5 25. g4 Nd6 26. h3 Nb5 27. a4 Nc3 28. Re1 Qxb4 29. Nd4 Nxa4 30. Reb1 Qc3 31. Rxa4 1-0

[Event "Dzhubga Blitz op"]
[Site "Dzhubga"]
[Date "2023.08.13"]
[Round "11"]
[White "Denishev, Marat"]
[Black "Hasangatin, Ramil"]
[Result "1-0"]
[WhiteElo "2172"]
[BlackElo "2444"]
[PlyCount "105"]
[EventDate "2023.08.13"]
[EventType "swiss (blitz)"]
[EventRounds "13"]
[EventCountry "RUS"]
[SourceTitle "CBM 215 Extra"]
[Source "ChessBase"]
[SourceDate "2023.09.30"]
[SourceVersion "1"]
[SourceVersionDate "2023.09.30"]
[SourceQuality "1"]

1. d4 d5 2. Nf3 Nf6 3. c4 c6 4. e3 Bg4 5. Nbd2 e6 6. h3 Bh5 7. Bd3 Nbd7 8. b3 Bb4 9. 0-0 0-0 10. a3 Bd6 11. Bb2 Qb8 12. Qc2 Re8 13. Rfe1 a6 14. Rac1 Bg6 15. b4 b5 16. c5 Bc7 17. Nh4 a5 18. Nxg6 hxg6 19. f4 Qd8 20. Nf3 Qe7 21. Ne5 Nxe5 22. fxe5 Nd7 23. Rf1 axb4 24. axb4 Ra4 25. Bc3 Rea8 26. Rf2 Qg5 27. Qe2 Ra2 28. Rc2 Rxc2 29. Bxc2 Ra2 30. Qf3 f5 31. Bb1 Rxf2 32. Kxf2 Kf7 33. Bd3 Qh4+ 34. Kg1 Qd8 35. Kh2 Qa8 36. Be1 Qa3 37. Be2 Bd8 38. h4 Be7 39. h5 g5 40. g4 g6 41. hxg6+ Kxg6 42. gxf5+ exf5 43. Qh5+ Kg7 44. Bf2 Nf8 45. Qh3 Qb2 46. Qf1 Ng6 47. Bd3 f4 48. Bxg6 Kxg6 49. exf4 gxf4 50. Qg2+ Kf5 51. Qh3+ Ke4 52. Kg2 Qe2 53. Qh7# 1-0

[Event "Dzhubga Rapid op"]
[Site "Dzhubga"]
[Date "2023.08.11"]
[Round "6"]
[White "Makarian, Rudik"]
[Black "Denishev, Marat"]
[Result "1-0"]
[WhiteElo "2546"]
[BlackElo "2172"]
[PlyCount "46"]
[EventDate "2023.08.10"]
[EventType "swiss (rapid)"]
[EventRounds "11"]
[EventCountry "RUS"]
[SourceTitle "CBM 215 Extra"]
[Source "ChessBase"]
[SourceDate "2023.09.30"]
[SourceVersion "1"]
[SourceVersionDate "2023.09.30"]
[SourceQuality "1"]

1. d4 Nf6 2. c4 e6 3. Nf3 c5 4. d5 d6 5. Nc3 exd5 6. cxd5 g6 7. h3 Bg7 8. e4 0-0 9. Bd3 b5 10. Nxb5 Nxe4 11. Bxe4 Qa5+ 12. Nc3 Re8 13. 0-0 Bxc3 14. bxc3 Rxe4 15. Ng5 Re8 16. Qf3 f5 17. Bf4 Nd7 18. Bxd6 Nf6 19. c4 Qa6 20. Bxc5 Qxc4 21. d6 Bd7 22. Rfc1 Qa4 23. Qc3 Nd5 1-0

[Event "Moscow op-A 19th"]
[Site "Moscow"]
[Date "2023.07.19"]
[Round "3"]
[White "Zvjaginsev, Vadim"]
[Black "Denishev, Marat"]
[Result "1-0"]
[WhiteElo "2584"]
[BlackElo "2183"]
[PlyCount "105"]
[EventDate "2023.07.17"]
[EventType "swiss"]
[EventRounds "9"]
[EventCountry "RUS"]
[SourceTitle "CBM 215 Extra"]
[Source "ChessBase"]
[SourceDate "2023.09.30"]
[SourceVersion "1"]
[SourceVersionDate "2023.09.30"]
[SourceQuality "1"]

1. c4 c5 2. g3 Nf6 3. Bg2 g6 4. b3 Bg7 5. Bb2 0-0 6. Nf3 Nc6 7. 0-0 d6 8. d4 cxd4 9. Nxd4 Bd7 10. Nc2 Qa5 11. Nc3 Qh5 12. e4 Rac8 13. Rb1 Rfe8 14. h3 a6 15. Ne3 Qxd1 16. Rfxd1 Be6 17. f4 Nh5 18. Ne2 Bxb2 19. Rxb2 f6 20. Kf2 Bf7 21. h4 Ng7 22. Ng4 Be6 23. Nh6+ Kf8 24. g4 Red8 25. Rbd2 b5 26. cxb5 axb5 27. Nc3 b4 28. Na4 Bf7 29. Nxf7 Kxf7 30. Bf1 Na5 31. e5 fxe5 32. fxe5 Ne6 33. Nb6 Rc5 34. exd6 Rxd6 35. Rxd6 exd6 36. Rd2 h5 37. g5 Rf5+ 38. Kg1 Rf4 39. Rf2 Rxf2 40. Kxf2 Nd4 41. Bd3 Nac6 42. Nd5 Kg7 43. Ke3 Ne6 44. Bf1 Kf7 45. Bc4 Kg7 46. Nxb4 Nxb4 47. Bxe6 Nxa2 48. Kd4 Kf8 49. Kc4 Ke7 50. Bd5 Nc1 51. Bf3 Ke6 52. b4 Kd7 53. b5 1-0

[Event "Anapa Sea Harbor op"]
[Site "Anapa"]
[Date "2023.06.09"]
[Round "8"]
[White "Chudinovskikh, Alexander M"]
[Black "Denishev, Marat"]
[Result "1-0"]
[WhiteElo "2059"]
[BlackElo "2248"]
[PlyCount "131"]
[EventDate "2023.06.02"]
[EventType "swiss"]
[EventRounds "9"]
[EventCountry "RUS"]
[SourceTitle "CBM 214 Extra"]
[Source "ChessBase"]
[SourceDate "2023.07.31"]
[SourceVersion "1"]
[SourceVersionDate "2023.07.31"]
[SourceQuality "1"]

1. d4 Nf6 2. Nf3 e6 3. g3 d5 4. Bg2 Be7 5. c4 0-0 6. 0-0 dxc4 7. Qa4 a6 8. Qxc4 b5 9. Qc2 Bb7 10. Bd2 Be4 11. Qc1 Nbd7 12. Ba5 Nb6 13. Nbd2 Bb7 14. Rd1 Rc8 15. Nb3 Nc4 16. Be1 Bd5 17. Nc5 Ra8 18. b3 Nb6 19. Qc2 Ra7 20. e4 Ba8 21. Ne5 Qc8 22. a4 bxa4 23. bxa4 a5 24. Nb3 Bb4 25. Bxb4 axb4 26. a5 Nbd7 27. Nc6 Bxc6 28. Qxc6 Rd8 29. e5 Ra6 30. Qb5 Nd5 31. Bxd5 exd5 32. Qxd5 Nf6 33. Qg2 Nd5 34. Nc5 Ra7 35. a6 c6 36. Re1 Nc3 37. e6 fxe6 38. Qh3 Rxd4 39. Rxe6 Rd6 40. Rae1 Rxe6 41. Qxe6+ Qxe6 42. Rxe6 b3 43. Re8+ Kf7 44. Rb8 Nb5 45. Rb7+ Kg6 46. Nxb3 Rxa6 47. Nc5 Ra1+ 48. Kg2 Nd4 49. Rd7 Ra5 50. Nd3 Nf5 51. g4 Nh6 52. h3 Nf7 53. Rc7 Ra6 54. Nc5 Rb6 55. Nd7 Ra6 56. Nf8+ Kf6 57. Nxh7+ Ke6 58. Nf8+ Kf6 59. Nd7+ Kg6 60. Nb8 Ra2 61. Rxc6+ Kg5 62. Kg3 Ra3+ 63. f3 g6 64. Nd7 Rd3 65. Rc5+ Kh6 66. Ne5 1-0

[Event "Titled Tuesday intern op 23rd May Late"]
[Site "Chess.com INT"]
[Date "2023.05.23"]
[Round "2"]
[White "Denishev, Marat"]
[Black "Bortnyk, Mykola"]
[Result "0-1"]
[WhiteElo "2255"]
[BlackElo "2425"]
[PlyCount "48"]
[EventDate "2023.05.23"]
[EventType "swiss (blitz)"]
[EventRounds "11"]
[EventCountry "USA"]
[SourceTitle "EXT 2024"]
[Source "ChessBase"]
[SourceDate "2023.10.10"]
[SourceVersion "1"]
[SourceVersionDate "2023.10.10"]
[SourceQuality "1"]

1. d4 Nf6 2. Nc3 d5 3. Bg5 Bf5 4. e3 e6 5. Bd3 Bg6 6. Nge2 c5 7. Nf4 Nc6 8. 0-0 Be7 9. dxc5 Nd7 10. Bxe7 Qxe7 11. e4 d4 12. Nce2 Nxc5 13. Nxg6 hxg6 14. f4 0-0-0 15. b4 Nxb4 16. Rb1 Nxa2 17. Qd2 Kb8 18. Qa5 Nc3 19. Nxd4 Nxb1 20. Nb5 b6 21. Qb4 Rd7 22. Rxb1 Nxd3 23. cxd3 Qxb4 24. Rxb4 Rxd3 0-1

[Event "Titled Tuesday intern op 23rd May Late"]
[Site "Chess.com INT"]
[Date "2023.05.23"]
[Round "4"]
[White "Hakobyan, Aram"]
[Black "Denishev, Marat"]
[Result "1-0"]
[WhiteElo "2608"]
[BlackElo "2255"]
[PlyCount "81"]
[EventDate "2023.05.23"]
[EventType "swiss (blitz)"]
[EventRounds "11"]
[EventCountry "USA"]
[SourceTitle "EXT 2024"]
[Source "ChessBase"]
[SourceDate "2023.10.10"]
[SourceVersion "1"]
[SourceVersionDate "2023.10.10"]
[SourceQuality "1"]

1. d4 Nf6 2. c4 c5 3. d5 b5 4. cxb5 a6 5. b6 d6 6. Nc3 g6 7. e4 Bg7 8. Nf3 0-0 9. Be2 Qxb6 10. 0-0 Bg4 11. Nd2 Bxe2 12. Qxe2 Nbd7 13. Nc4 Qb4 14. Bd2 a5 15. a4 Nb6 16. Nxb6 Qxb6 17. Nb5 Nd7 18. Bc3 Rac8 19. Bxg7 Kxg7 20. Rac1 Ne5 21. Qe3 Qb7 22. f4 Nd7 23. b3 c4 24. bxc4 Nc5 25. e5 Rfd8 26. f5 dxe5 27. fxg6 hxg6 28. Qxe5+ f6 29. Qe2 Nxa4 30. Rce1 Rd7 31. h4 Nb6 32. Nd4 Rxc4 33. Ne6+ Kf7 34. h5 Qxd5 35. hxg6+ Kg8 36. Rd1 Qe4 37. Qh5 Qe3+ 38. Kh1 Qxe6 39. Qh7+ Kf8 40. g7+ Kf7 41. g8Q# 1-0

[Event "Titled Tuesday intern op 23rd May Late"]
[Site "Chess.com INT"]
[Date "2023.05.23"]
[Round "8"]
[White "Perez, Maximiliano"]
[Black "Denishev, Marat"]
[Result "0-1"]
[WhiteElo "2396"]
[BlackElo "2255"]
[PlyCount "74"]
[EventDate "2023.05.23"]
[EventType "swiss (blitz)"]
[EventRounds "11"]
[EventCountry "USA"]
[SourceTitle "EXT 2024"]
[Source "ChessBase"]
[SourceDate "2023.10.10"]
[SourceVersion "1"]
[SourceVersionDate "2023.10.10"]
[SourceQuality "1"]

1. e4 Nf6 2. e5 Nd5 3. d4 d6 4. c4 Nb6 5. exd6 exd6 6. Nc3 Be7 7. Nf3 0-0 8. Be2 Bf5 9. 0-0 Nc6 10. Be3 Bf6 11. b3 d5 12. c5 Nc8 13. Qd2 N8e7 14. h3 Bg6 15. g4 Re8 16. Rad1 Nc8 17. Ne1 a5 18. Bf3 Be4 19. Bxe4 dxe4 20. d5 Bxc3 21. Qxc3 Ne5 22. f4 exf3 23. Nxf3 Nxf3+ 24. Rxf3 Ne7 25. d6 cxd6 26. cxd6 Ng6 27. d7 Re7 28. Qd4 Ne5 29. Rff1 Rxd7 30. Qa1 Nf3+ 31. Kf2 Nh4 32. Kg3 Ng6 33. Rxd7 Qxd7 34. Bd4 Re8 35. Bxg7 Re3+ 36. Kg2 Qd5+ 37. Kh2 Re2+ 0-1

[Event "Titled Tuesday intern op 16th May Late"]
[Site "Chess.com INT"]
[Date "2023.05.16"]
[Round "11"]
[White "Denishev, Marat"]
[Black "Krzyzanowski, Marcin"]
[Result "0-1"]
[WhiteElo "2255"]
[BlackElo "2512"]
[PlyCount "162"]
[EventDate "2023.05.16"]
[EventType "swiss (blitz)"]
[EventRounds "11"]
[EventCountry "USA"]
[SourceTitle "CBM 214 Extra"]
[Source "ChessBase"]
[SourceDate "2023.07.31"]
[SourceVersion "1"]
[SourceVersionDate "2023.07.31"]
[SourceQuality "1"]

1. d4 Nf6 2. Nc3 d5 3. Bf4 e6 4. Nb5 Bb4+ 5. c3 Ba5 6. b4 Bb6 7. a4 a6 8. a5 axb5 9. axb6 Rxa1 10. Qxa1 Na6 11. bxc7 Qd7 12. e3 0-0 13. Nf3 Nxc7 14. Ne5 Qe7 15. Bd3 Nfe8 16. 0-0 Nd6 17. Qb1 g6 18. Bxg6 fxg6 19. Nxg6 hxg6 20. Qxg6+ Qg7 21. Qxg7+ Kxg7 22. Bxd6 Rf7 23. f4 Ne8 24. Be5+ Kg6 25. Ra1 Nf6 26. Ra8 Bd7 27. g4 Rh7 28. Rd8 Nxg4 29. Rg8+ Kh5 30. Rg5+ Kh4 31. Bc7 Kh3 32. Bd8 Be8 33. f5 exf5 34. Rxf5 Nh6 35. Rg5 Ng4 36. Rf5 Nxh2 37. Rxd5 Rg7+ 38. Kf2 Rg2+ 39. Ke1 Bf7 40. Rf5 Bg6 41. Rf6 Be4 42. Bc7 Nf3+ 43. Kd1 Rd2+ 44. Kc1 Rc2+ 45. Kd1 Rxc3 46. Rh6+ Kg2 47. Bf4 Kf2 48. d5 Rd3+ 49. Kc2 Rxd5+ 50. Kb3 Rd3+ 51. Kb2 Ke2 52. Rh8 Rd2+ 53. Kb3 Rd3+ 54. Kb2 Bd5 55. Rd8 Bc4 56. Rc8 Rb3+ 57. Kc2 Rxb4 58. Kc3 Rb3+ 59. Kc2 Rd3 60. e4 Nd4+ 61. Kc1 Kf3 62. Bb8 Kxe4 63. Re8+ Kf3 64. Rh8 b4 65. Rh3+ Ke4 66. Rh4+ Kd5 67. Ba7 Nb3+ 68. Kc2 Nd4+ 69. Kc1 Rc3+ 70. Kb2 Rb3+ 71. Kc1 Ne2+ 72. Kd2 Rb2+ 73. Kd1 Bb5 74. Rh5+ Kc6 75. Rc5+ Kd6 76. Rxb5 Nc3+ 77. Kc1 Nxb5 78. Kxb2 Nxa7 79. Kb3 Nc6 80. Kc4 b5+ 81. Kb3 Kc5 0-1

[Event "Titled Tuesday intern op 21st Mar Early"]
[Site "Chess.com INT"]
[Date "2023.03.21"]
[Round "1"]
[White "Denishev, Marat"]
[Black "Negron Lizarazo, Juan Sebastian"]
[Result "1-0"]
[WhiteElo "2303"]
[BlackElo "1589"]
[PlyCount "77"]
[EventDate "2023.03.21"]
[EventType "swiss (blitz)"]
[EventRounds "11"]
[EventCountry "USA"]
[SourceTitle "EXT 2024"]
[Source "ChessBase"]
[SourceDate "2023.10.10"]
[SourceVersion "1"]
[SourceVersionDate "2023.10.10"]
[SourceQuality "1"]

1. d4 Nf6 2. Nc3 d5 3. Bf4 g6 4. Qd2 Bg7 5. Bh6 0-0 6. h4 e6 7. f3 Qe7 8. 0-0-0 Rd8 9. g4 Bxh6 10. Qxh6 Qf8 11. Qg5 h6 12. Qxf6 Nd7 13. Qf4 c5 14. e4 dxe4 15. Nxe4 cxd4 16. Nf6+ Nxf6 17. Qxf6 b6 18. Rxd4 Bb7 19. Bd3 Rxd4 20. Qxd4 Rd8 21. Qe3 Qb4 22. Ne2 Qa4 23. Kb1 Bd5 24. Nc3 Qc6 25. Nxd5 Qxd5 26. a3 b5 27. Re1 b4 28. axb4 Rb8 29. Qe4 Qd6 30. b5 Qb6 31. h5 a6 32. hxg6 axb5 33. gxf7+ Kxf7 34. Qh7+ Kf8 35. Qxh6+ Kf7 36. Bg6+ Ke7 37. Qg7+ Kd6 38. Rd1+ Kc5 39. Qc3# 1-0

[Event "Arandjelovac op 1st"]
[Site "Arandjelovac"]
[Date "2023.03.18"]
[Round "5"]
[White "Denishev, Marat"]
[Black "Banov, Boil"]
[Result "1-0"]
[WhiteElo "2303"]
[BlackElo "2016"]
[PlyCount "93"]
[EventDate "2023.03.15"]
[EventType "swiss"]
[EventRounds "9"]
[EventCountry "SRB"]
[SourceTitle "CBM 213 Extra"]
[Source "ChessBase"]
[SourceDate "2023.05.31"]
[SourceVersion "1"]
[SourceVersionDate "2023.05.31"]
[SourceQuality "1"]

1. d4 Nf6 2. c4 e6 3. Nf3 d5 4. g3 Bb4+ 5. Nbd2 0-0 6. Qc2 c6 7. Bg2 Nbd7 8. 0-0 b6 9. e4 dxe4 10. Nxe4 Nxe4 11. Qxe4 Bb7 12. Bf4 Nf6 13. Qe2 Bd6 14. Ne5 Rc8 15. a3 Qe7 16. Rfd1 Rfd8 17. b4 h6 18. Rab1 Rc7 19. b5 Bxe5 20. dxe5 Ne8 21. Rxd8 Qxd8 22. Rd1 Qe7 23. Qd3 c5 24. h4 Bxg2 25. Kxg2 Rc8 26. h5 a6 27. bxa6 Ra8 28. Qe4 Rxa6 29. Qc6 Ra7 30. Qxb6 Rb7 31. Qc6 Rc7 32. Qf3 Rd7 33. Rxd7 Qxd7 34. Qa8 f6 35. exf6 gxf6 36. Bxh6 Kf7 37. Qe4 f5 38. Qe3 Qc6+ 39. Kh2 Nf6 40. f3 Nxh5 41. Kg2 f4 42. Qd3 Nxg3 43. Qh7+ Ke8 44. Bg5 Qd6 45. Qg8+ Kd7 46. Qd8+ Kc6 47. Qxd6+ 1-0

[Event "EU-ch 23rd"]
[Site "Vrnjacka Banja"]
[Date "2023.03.11"]
[Round "9"]
[White "Denishev, Marat"]
[Black "Bulmaga, Irina"]
[Result "0-1"]
[WhiteElo "2303"]
[BlackElo "2438"]
[PlyCount "116"]
[EventDate "2023.03.03"]
[EventType "swiss"]
[EventRounds "11"]
[EventCountry "SRB"]
[SourceTitle "CBM 213"]
[Source "ChessBase"]
[SourceDate "2023.04.30"]
[SourceVersion "1"]
[SourceVersionDate "2023.04.30"]
[SourceQuality "1"]

1. d4 Nf6 2. c4 e6 3. Nf3 d5 4. Nc3 Be7 5. Bg5 h6 6. Bh4 0-0 7. e3 b6 8. cxd5 Nxd5 9. Bg3 Bb7 10. Bd3 Nd7 11. 0-0 Nxc3 12. bxc3 c5 13. e4 Nf6 14. Qe2 c4 15. Bc2 b5 16. a4 b4 17. cxb4 Bxb4 18. Qxc4 a5 19. Qe2 Rc8 20. Rfd1 Rc3 21. Bh4 g5 22. Bg3 Qa8 23. d5 exd5 24. e5 Ba6 25. Bd3 Rxd3 26. Rxd3 Ne4 27. Qd1 Bxd3 28. Qxd3 Qc6 29. Nd4 Qc4 30. Rd1 Qxd3 31. Rxd3 Rc8 32. h4 Rc3 33. Rd1 Bc5 34. Kh2 Nxg3 35. fxg3 Bxd4 36. Rxd4 Rc5 37. hxg5 hxg5 38. Rg4 Kf8 39. Rxg5 Ke7 40. Rg8 Rc4 41. Ra8 Rxa4 42. Ra6 d4 43. Kg1 d3 44. Kf2 Ra2+ 45. Ke3 d2 46. Ke2 a4 47. g4 a3 48. g5 Kd7 49. g4 Ke7 50. Kd1 Ra1+ 51. Kxd2 a2 52. Kc2 Re1 53. Rxa2 Re2+ 54. Kb3 Rxa2 55. Kxa2 Ke6 56. Kb3 Kxe5 57. Kc4 Kf4 58. Kd5 Kxg4 0-1

[Event "EU-ch 23rd"]
[Site "Vrnjacka Banja"]
[Date "2023.03.03"]
[Round "1"]
[White "Denishev, Marat"]
[Black "Kuzubov, Yuriy"]
[Result "0-1"]
[WhiteElo "2303"]
[BlackElo "2616"]
[PlyCount "110"]
[EventDate "2023.03.03"]
[EventType "swiss"]
[EventRounds "11"]
[EventCountry "SRB"]
[SourceTitle "CBM 213"]
[Source "ChessBase"]
[SourceDate "2023.04.30"]
[SourceVersion "1"]
[SourceVersionDate "2023.04.30"]
[SourceQuality "1"]

1. d4 Nf6 2. c4 e6 3. Nf3 d5 4. Nc3 c6 5. e3 Nbd7 6. Qc2 Bd6 7. Be2 0-0 8. 0-0 b6 9. b3 Bb7 10. Bb2 Rc8 11. Rad1 Qe7 12. e4 Nxe4 13. Nxe4 dxe4 14. Qxe4 Nf6 15. Qh4 c5 16. Rfe1 cxd4 17. Rxd4 e5 18. Rdd1 Rfe8 19. Bd3 Qc7 20. Ng5 h6 21. Ne4 Bxe4 22. Bxe4 Bb4 23. Re3 Bc5 24. Rg3 Rcd8 25. Bd5 Kf8 26. Rgd3 Rd6 27. R3d2 e4 28. Kh1 Nxd5 29. cxd5 Qd7 30. Qg3 Rg6 31. Qc3 Qg4 32. f3 exf3 33. Qxf3 Qxf3 34. gxf3 Bd6 35. Rc2 Rd8 36. Rc6 Ke7 37. Re1+ Kd7 38. Rg1 Rxg1+ 39. Kxg1 Re8 40. Bd4 Be5 41. Bc3 Bxc3 42. Rxc3 Re5 43. Kf2 Rxd5 44. Rc2 Rd4 45. Ke3 Rh4 46. Kd3 g5 47. Ke3 f5 48. Rd2+ Kc6 49. Rc2+ Kb5 50. a3 a5 51. Rd2 Kc5 52. Rc2+ Kd5 53. Rd2+ Ke5 54. Rd7 f4+ 55. Kd3 Rh3 0-1

[Event "Titled Tuesday intern op 31st Jan Late"]
[Site "Chess.com INT"]
[Date "2023.01.31"]
[Round "1"]
[White "Ardila, Oscar Humberto"]
[Black "Denishev, Marat"]
[Result "0-1"]
[WhiteElo "1982"]
[BlackElo "2247"]
[PlyCount "80"]
[EventDate "2023.01.31"]
[EventType "swiss (blitz)"]
[EventRounds "11"]
[EventCountry "USA"]
[SourceTitle "CBM 212 Extra"]
[Source "ChessBase"]
[SourceDate "2023.03.31"]
[SourceVersion "1"]
[SourceVersionDate "2023.03.31"]
[SourceQuality "1"]

1. d4 Nf6 2. Nf3 e6 3. g3 d5 4. Bg2 Be7 5. 0-0 0-0 6. b3 b6 7. Bb2 Bb7 8. Nbd2 c5 9. Ne5 Nc6 10. Nxc6 Bxc6 11. e3 Rc8 12. Rc1 Qd7 13. Re1 Rfd8 14. c3 Qb7 15. a4 a5 16. h3 h6 17. Qc2 Rc7 18. Qb1 Rdc8 19. Qa1 Bd6 20. Ba3 e5 21. Nf3 e4 22. Nd2 Bf8 23. Bb2 Bd7 24. c4 dxc4 25. Nxc4 cxd4 26. Bxd4 Nd5 27. Bxe4 Bc6 28. Bg2 f6 29. Bxd5+ Bxd5 30. Nxb6 Bh1 31. e4 Rxc1 32. Rxc1 Rxc1+ 33. Qxc1 Qxe4 34. Qc4+ Kh8 35. Kf1 Bg2+ 36. Kg1 Bxh3 37. f3 Qxf3 38. Qc2 Qxg3+ 39. Kh1 Bg4 40. Qf2 Bf3+ 0-1

[Event "Titled Tuesday intern op 31st Jan Late"]
[Site "Chess.com INT"]
[Date "2023.01.31"]
[Round "3"]
[White "Denishev, Marat"]
[Black "Fernandez Siles, Luis"]
[Result "1-0"]
[WhiteElo "2247"]
[BlackElo "2220"]
[PlyCount "69"]
[EventDate "2023.01.31"]
[EventType "swiss (blitz)"]
[EventRounds "11"]
[EventCountry "USA"]
[SourceTitle "CBM 212 Extra"]
[Source "ChessBase"]
[SourceDate "2023.03.31"]
[SourceVersion "1"]
[SourceVersionDate "2023.03.31"]
[SourceQuality "1"]

1. d4 Nf6 2. c4 g6 3. Nf3 Bg7 4. g3 0-0 5. Bg2 d6 6. 0-0 c6 7. Nc3 Qa5 8. e4 e5 9. Be3 Bg4 10. d5 cxd5 11. cxd5 Rc8 12. h3 Bxf3 13. Bxf3 b5 14. Qd3 a6 15. a3 Nbd7 16. Rfc1 b4 17. axb4 Qxb4 18. Rcb1 a5 19. Qb5 Rcb8 20. Qxb4 axb4 21. Rxa8 Rxa8 22. Nb5 Ne8 23. Rc1 Rb8 24. Na7 Bf6 25. Nc6 Ra8 26. Nxb4 Rb8 27. Nd3 Rb3 28. Be2 Kf8 29. Rc3 Rb8 30. b4 Bd8 31. Rb3 Bb6 32. Bh6+ Ke7 33. Kg2 Nc7 34. Nb2 Nb5 35. Bxb5 1-0